书目信息 |
| 题名: |
奥运演义
|
|
| 作者: | 季一德 编著 | |
| 分册: | ||
| 出版信息: | 上海 上海人民出版社 2000.08 |
|
| 页数: | 854页 | |
| 开本: | 32开 | |
| 丛书名: | ||
| 单 册: | ||
| 中图分类: | G811.21 | |
| 科图分类: | ||
| 主题词: | 体育事业--世界 | |
| 电子资源: | ||
| ISBN: | 7-208-03501-6 | |
| 000 | 00535nam0 2200193 45 | |
| 001 | 0010251449 | |
| 005 | 20001025143802.0 | |
| 010 | @a7-208-03501-6@d40.00元 | |
| 100 | @a20001025d2000 km y0chiy0120 ea | |
| 101 | 0 | @achi |
| 105 | @a z 000yy | |
| 200 | 1 | @a奥运演义@AAo Yun Yan Yi@f季一德编著@FJi Yi De Bian Zhu |
| 210 | @a上海@c上海人民出版社@d2000.08 | |
| 215 | @a854页@d32开 | |
| 606 | 0 | @a体育事业@x世界 |
| 690 | @aG811.21@v3 | |
| 701 | 0 | @a季一德@4编著 |
| 801 | @aCN@bPftUser@c20001025 | |
| 905 | @b188253-255@dG811.21@eQ153@f3 | |
| 奥运演义/季一德编著.-上海:上海人民出版社,2000.08 |
| 854页;32开 |
| ISBN 7-208-03501-6:40.00元 |
| ● |
| 相关链接 |
|
|
|
正题名:奥运演义
索取号:G811.21/Q153
 
预约/预借
| 序号 | 登录号 | 条形码 | 馆藏地/架位号 | 状态 | 备注 |
| 1 | 188253 | 201882533 | 社科库409/422社科库 18排2列2层/ [索取号:G811.21/Q153] | 在馆 | |
| 2 | 188254 | 201882542 | 社科库409/409社科库 21排1列4层/ [索取号:G811.21/Q153] | 在馆 | |
| 3 | 188255 | 201882551 | 社科库409/422社科库 18排2列5层/ [索取号:G811.21/Q153] | 在馆 |